Normal view
MARC view
Entry Personal Name
001 - CONTROL NUMBER
- control field: 1236228
003 - CONTROL NUMBER IDENTIFIER
- control field: OSt
005 - DATE AND TIME OF LATEST TRANSACTION
- control field: 20260430150025.0
008 - FIXED-LENGTH DATA ELEMENTS
- fixed length control field: 260430|| aca||aabn | a|a d
040 ## - CATALOGING SOURCE
- Original cataloging agency: OSt
- Transcribing agency: OSt
100 ## - HEADING--PERSONAL NAME
- Personal name: Balan Biji Au.; Singh Dileep Kumar Gu
670 ## - SOURCE DATA FOUND
- Source citation: Work cat.: (OSt)1848757: Balan Biji Au.; Singh Dileep Kumar Gu., Physico-chemical characterization and development of analytical method using FTIR coupled with chemometrics to assess the quality and authenticity of cow milk, 2021
